| 000 | 00607cam a22002171 4500 | ||
|---|---|---|---|
| 001 | sa 66004223 | ||
| 003 | DLC | ||
| 005 | 20260227112241.0 | ||
| 008 | 910124s1964 pk 000 0 eng | ||
| 010 | _asa 66004223 | ||
| 035 | _a(OCoLC)24198407 | ||
| 040 |
_aDLC _cViU _dDLC |
||
| 042 | _apremarc | ||
| 050 | 0 | 0 |
_aKNS17.5 _b1964 |
| 110 | 1 |
_aPakistan. _bLaw Division. |
|
| 245 | 1 | 0 | _aOrders in council under the Government of India act, 1935. |
| 260 |
_aKarachi : _bManager of Publications, Govt. of Pakistan, _c[1964] |
||
| 300 |
_a906 p. ; _c25 cm. |
||
| 650 | 0 |
_aLaw _zIndia. |
|
| 650 | 0 |
_aLaw _zBurma. |
|
| 999 |
_c69290 _d69290 |
||